| 000 | 00759nam a2200265Ia 4500 | ||
|---|---|---|---|
| 003 | OSt | ||
| 005 | 20220912152248.0 | ||
| 006 | a|||||r|||| 00| 0 | ||
| 007 | ta | ||
| 008 | 220909b |||||||| |||| 00| 0 eng d | ||
| 024 | _a55568 | ||
| 037 | _cTextual | ||
| 040 |
_aCSL _beng _cCSL |
||
| 041 | _aeng | ||
| 082 | _aL:4p1,N96, N6 | ||
| 111 | _aNational conference on microbial threats to health in the 21st century by Ranbaxy Science Foundation (1996 : New Delhi) | ||
| 245 | 0 | _aProceeding on microbial threats to health in the 21st century | |
| 260 | _c1996 | ||
| 300 |
_ap. _ccm. |
||
| 500 | _aIncludes bibliography | ||
| 650 | _a Disease | ||
| 650 | _aMedicine | ||
| 942 |
_hL:4p1,N96, N6 _cTEXL _2CC |
||
| 999 |
_c83127 _d83127 |
||